| 000 | 00511nam a22001937a 4500 | ||
|---|---|---|---|
| 003 | MPLRDC | ||
| 005 | 20220104125611.0 | ||
| 008 | 210129b ||||| |||| 00| 0 eng d | ||
| 020 | _a957-455-549-6 | ||
| 082 | _a563.5 MOOR c.2 | ||
| 100 | _aGARY MOORE盖瑞.摩尔 | ||
| 245 |
_a坦伯顿致富圣经 _c李毓昭 译 |
||
| 250 | _a初版 | ||
| 260 |
_a台湾 _b晨星出版有限公司 _c2003 |
||
| 300 | _b124 | ||
| 490 | _a一分钟管理. 05 | ||
| 650 | _a投资与证劵 | ||
| 942 |
_cBK _o563.5 MOOR c.2 |
||
| 999 |
_c28657 _d28647 |
||